Pārdomas, lasot R. Šildes-Kārkliņas grāmatu "Etnopolitika un virzība uz demokrātiju"
| Titel: | Pārdomas, lasot R. Šildes-Kārkliņas grāmatu "Etnopolitika un virzība uz demokrātiju" |
|---|---|
| Verfasser: | |
| In: |
Latvijas Zinātņu Akadēmija: Latvijas Zinātnu Akadēmijas vēstis. A daļa, Sociālās un humanitārās zinātnes, Band 50, Heft 2 (583) (1996), Seite 91-94 alle Artikel anzeigen |
| Veröffentlicht: | 1996 |
| Format: | Aufsatz |
| Sprache: | Lettisch |
X
alg: 39485233
001A $01999:12-11-16
001B $01999:03-08-21 $t21:04:25.000
001C $06050:19-11-16 $t09:35:54.000
001D $01999:12-11-16
001U $0utf8
001X $00
002@ $0Aox
003@ $0394852338
007A $0394852338 $aHEB
007T $0Herd73388
010@ $alav
011@ $a1996
021A $aPārdomas, lasot R. Šildes-Kārkliņas grāmatu "Etnopolitika un virzība uz demokrātiju"
027A $aÜberlegungen zum Buch von R. Šilde-Kārkliņa "Ethnopolitik und die Bewegung [hin] zur Demokratie"
028A $aTabuns $dAivars
031A $d50 $e2 (583) $h91-94 $j1996
039B $aIn $8--Abvc--Latvijas Zinātņu Akadēmija [Tb1]. Latvijas Zinātnu Akadēmijas vēstis. A daļa, Sociālās un humanitārās zinātnes. - Rīgā, 1992-. - ISSN 0868-6556 $x199600000500002909 $9048608599
039T $8--Aauc--Kārkliņa, Rasma$Z1945- [Tp3]. @Ethnopolitics and transition to democracy. - Washington, DC {[u.a.] : Wilson Center Pr., 1994. - XXIII,206 S.. - ISBN 0-943875-60-9 $9032041225
045F $a900.94796 $eDDC23BSB
045F/01 $a900
045F/03 $g4796
045T $a24 $a7,44
046C $aÜberlegungen zum Buch von R. Šilde-Kārkliņa "Ethnopolitik und die Bewegung [hin] zur Demokratie" $bÜbers. des Hauptsacht.
lok: 39485233 78
exp: 39485233 78 1 #EPN
201B/01 $018-11-16 $t12:56:31.000
201U/01 $0utf8
203@/01 $0791150933
208@/01 $a12-11-16 $be
209A/01 $a/ $f000 $x00
220C/01 $aTitelaufnehmer: pk
244Z/01 $2Trx $#Latvija $#Lettland $#Łotwa $#Lotyšsko $8--Trx--Latvija $x01 $9391275879
244Z/01 $2Trx $#arvustused $#recenzijos $#Reviews $#recenziók $#recenzje $#recenzie $#recenze $8--Trx--Rezensionen $x02 $9391357441
247C/01 $82080>Marburg/Lahn, Herder-Institut, Forschungsbibliothek, Bibliographieportal $9336309341
| LEADER | 00000caa a22000002c 4500 | ||
|---|---|---|---|
| 001 | 394852338 | ||
| 003 | DE-603 | ||
| 005 | 20210803210425.0 | ||
| 007 | tu | ||
| 008 | 161112s1996 xx |||| | u00||u|lav c | ||
| 035 | |a (DE-599)HEB394852338 | ||
| 040 | |a DE-603 |b ger |c DE-603 |d DE-603 | ||
| 041 | |a lav | ||
| 082 | 0 | 4 | |8 1\u |a 900.94796 |q DE-101 |2 23/BSB |
| 084 | |a 24 |a 7,44 |2 ssgn | ||
| 085 | |8 1\u |b 900 | ||
| 085 | |8 1\u |z 2 |s 4796 | ||
| 100 | 1 | |a Tabuns, Aivars | |
| 245 | 0 | 0 | |a Pārdomas, lasot R. Šildes-Kārkliņas grāmatu "Etnopolitika un virzība uz demokrātiju" |
| 246 | 1 | |i Übers. des Hauptsacht. |a Überlegungen zum Buch von R. Šilde-Kārkliņa "Ethnopolitik und die Bewegung [hin] zur Demokratie" | |
| 246 | 1 | 3 | |a Überlegungen zum Buch von R. Šilde-Kārkliņa "Ethnopolitik und die Bewegung [hin] zur Demokratie" |
| 264 | 0 | |c 1996 | |
| 773 | 0 | 8 | |i In |a Latvijas Zinātņu Akadēmija |t Latvijas Zinātnu Akadēmijas vēstis. A daļa, Sociālās un humanitārās zinātnes |d Rīgā, 1992- |x 0868-6556 |g Band 50, Heft 2 (583) (1996), Seite 91-94 |w (DE-603)048608599 |w (DE-600)1116654-X |
| 787 | 0 | 8 | |i Rezension von |a Kārkliņa, Rasma, 1945- |t Ethnopolitics and transition to democracy |d Washington, DC [u.a.] : Wilson Center Pr., 1994 |h XXIII,206 S. |z 0943875609 |z 0943875617 |w (DE-603)032041225 |
| 924 | 0 | |9 2080 |a (DE-603)791150933 |b DE-2080 |c HES |d d |g / | |


